Sport par lettre - J-K - Statistiques

Statistiques générales
  • Ce quiz a été pris 79 fois
  • Le résultat moyen est 11 sur 20
Statistiques - réponses
Hint Réponse % Correct
Considéré comme l'un des plus grands sportifs de tous les temps, il gagne 6 titres NBA avec les Chicago Bulls (j) Michael Jordan
95%
Sport de Sarah-Léonie Cysique,Romane Dicko et Joan Benjamin-Gaba (j) Judo
85%
Pays d'où sont originaires un très grand nombre d'athlètes spécialistes des courses de fond et demi-fond (k) Kenya
83%
Des supporters français ont écrit une chanson à son éloge dont les paroles sont "il est petit, il est gentil, il a stoppé Léo Messi..." (k) N'Golo Kanté
78%
Steven Da Costa remporte la médaille d'or olympique dans ce sport en 2021 (k) Karaté
69%
Surnom des joueurs de la franchise NBA de Sacramento (k) Kings
69%
Tribune d'un stade où se réunissent les supporters les plus fervents (k) Kop
69%
Pratique de la course à pied à faible allure (j) Jogging
68%
Équipementier sportif italien (k) Kappa
66%
Ancêtre des sports de raquette associé à un événement de la Révolution française (j) Jeu de paume
62%
Compétition de football à 7 rassemblant des joueurs professionnels et des influenceurs créée par Gerard Piqué en 2022 (k) Kings league
60%
Vieille dame (j) Juventus
57%
Sa performance n'est pas homologuée mais il est le premier athlète à descendre sous les deux heures au marathon (k) Eliud Kipchoge
46%
Légende du sport français condamnée pour escroquerie dans le cadre d'une affaire de match truqué (k) Nicolas Karabatic
43%
Il a entrainé l'AS Nancy Lorraine avant de prendre le poste de sélectionneur de l'équipe de France (j) Aimé Jacquet
42%
Numéro 1 mondial au classement UCI en 1995, 1996, 1997 et 1999 (j) Laurent Jalabert
32%
Tenue que portent ces derniers (j) Judogi
28%
Surnom des joueurs de football américain de l'une des franchise de New-York (j) Jets
25%
Champion olympique du 100m à Tokyo (j) Marcel Jacobs
25%
Battu par Deep Blue (k) Garry Kasparov
22%
Aucun quiz correspondant
Distribution des résultats
% des personnes avec chaque résultat
Percentile par nombre de réponses
Votre historique - résultats
Vous n’avez pas pris ce quiz